000
00308nam a2200121Ia 4500
008
241002s9999 xx 000 0 und d
082
_a
153.43 PEL
100
_a
Peale, Norman Unicent
245
4
_a
The Amazing Results of Positive Thinking
260
_a
New York:
_c
1965
600
_a
Philosophy
942
_c
UC
999
_c
18824
_d
18824